Psychology of language : a critical introduction
Αποθηκεύτηκε σε:
| Κύριος συγγραφέας: | |
|---|---|
| Μορφή: | Βιβλίο |
| Γλώσσα: | English |
| Δημοσίευση: |
London :
Sage Publications,
c1996
|
| Θέματα: | |
| Ετικέτες: |
Προσθήκη ετικέτας
Δεν υπάρχουν, Καταχωρήστε ετικέτα πρώτοι!
|
MARC
| LEADER | 00000nam a2200000 i 4500 | ||
|---|---|---|---|
| 001 | 1/13676 | ||
| 008 | 001129s1997 eng d | ||
| 020 | |a 0-8039-7991-6 | ||
| 035 | |l 10064712 | ||
| 040 | |a GR-MY-UA |b gre |e aacr | ||
| 041 | 0 | |a eng | |
| 082 | 0 | |a 401.9 | |
| 100 | 1 | |a Forrester, Michael A. | |
| 245 | 1 | 0 | |a Psychology of language : |b a critical introduction / |c Michael L. Forrester |
| 260 | |a London : |b Sage Publications, |c c1996 | ||
| 300 | |a vii, 216 p. |b ill. | ||
| 504 | |a Includes bibliographical references and index | ||
| 650 | 0 | 0 | |a Psycholinguistics. |
| 852 | |a INST |b LESVOS |e 20001129 |h 401.9 FOR |p 005100029449 |q 005100029449 |t BK |y 0 | ||
| 901 | |a BIBL1-2000-3 | ||
| 909 | |a Λ |b 082747 | ||
| 922 | |a 1ΕΛΗ |b 200011 |c ΤΑΚ/ΠΤΕ |d ΜΙΧΑΛΟΠΟΥΛΟΣ | ||
| 950 | |a 185-2000-09-13 | ||
| 970 | |a ΤΖΑΦΕΡΗ |b ΕΥΑΓΓΕΛΙΑ |z 2000/12/05 | ||